Clubs des 8 meilleurs championnats de football européens (2024-2025) - Statistiques

Statistiques générales
  • Ce quiz a été pris 410 fois
  • Le résultat moyen est 68 sur 148
Statistiques - réponses
ANGLETERRE % Correct
Manchester City
94%
Manchester United
94%
Liverpool FC
90%
Arsenal FC
89%
Bayer 04 Leverkusen
86%
Chelsea FC
86%
Paris Saint-Germain
86%
Olympique de Marseille
85%
Real Madrid
85%
Bayern Munich
84%
Olympique Lyonnais
84%
FC Barcelone
83%
Aston Villa
82%
Borussia Dortmund
82%
LOSC Lille
82%
AC Milan
79%
AS Monaco
78%
Atlético de Madrid
78%
Inter Milan
78%
Juventus FC
77%
Stade Rennais FC
77%
Tottenham Hotspur
77%
RC Strasbourg
76%
FC Nantes
75%
OGC Nice
75%
RC Lens
75%
SL Benfica
74%
Stade Brestois 29
74%
Ajax Amsterdam
73%
AS Rome
72%
AS Saint-Etienne
72%
FC Porto
72%
Séville FC
72%
Toulouse FC
72%
Sporting CP
71%
SSC Naples
70%
Athletic Club
69%
Montpellier HSC
69%
PSV Eindhoven
68%
Real Betis
67%
Stade de Reims
66%
Valence CF
66%
Newcastle United
65%
Brighton & Hove Albion
64%
Angers SCO
63%
Everton FC
63%
RB Leipzig
63%
SS Lazio
63%
AJ Auxerre
62%
Le Havre AC
62%
Nottingham Forest
62%
West Ham United
62%
Real Sociedad
61%
Wolverhampton Wanderers
60%
Girona FC
59%
Leicester City
59%
VFB Stuttgart
59%
Atalanta Bergame
56%
Feyenoord Rotterdam
56%
Club Bruges
55%
Southampton FC
55%
ACF Fiorentina
54%
Crystal Palace
54%
SC Braga
54%
Brentford FC
53%
AFC Bournemouth
52%
Eintracht Francfort
51%
Borussia Mönchengladbach
50%
FC Union Berlin
50%
Torino FC
50%
VFL Wolfsburg
49%
Anderlecht
48%
Fulham FC
47%
Côme 1907
46%
Getafe CF
46%
Ipswich Town
46%
Bologne FC
45%
Espanyol de Barcelone
44%
Werder Brême
44%
TSG Hoffenheim
42%
Venezia FC
42%
FSV Mayence
41%
Udinese Calcio
41%
Villarreal CF
41%
RCD Majorque
40%
UD Las Palmas
40%
CA Osasuna
39%
Genoa CFC
39%
Rayo Vallecano
39%
Celta de Vigo
37%
Parme Calcio
37%
Hellas Vérone
36%
Real Valladolid
36%
SC Fribourg
35%
KRC Genk
34%
AZ Alkmaar
33%
Cagliari Calcio
32%
Standard de Liège
32%
Vitória Guimarães SC
32%
FC Heidenheim
29%
FC St. Pauli
29%
FC Twente
29%
KAA La Gantoise
29%
VFL Bochum
29%
AC Monza
28%
Sparta Rotterdam
28%
US Lecce
28%
Deportivo Alavés
27%
FC Augsbourg
27%
FC Utrecht
25%
CD Leganés
24%
Royal Antwerp FC
24%
Union SG
24%
Boavista FC
23%
Cercle Bruges KSV
23%
Holstein Kiel
23%
Empoli FC
22%
Charleroi
17%
CD Santa Clara
13%
Rio Ave FC
13%
SC Heerenveen
13%
FC Groningue
12%
GD Estoril-Praia
12%
NAC Breda
11%
OH Louvain
11%
Fotuna Sittard
10%
Go Ahead Eagles
10%
KV Malines
10%
NEC Nimègue
10%
Willem II
10%
Casa Pia AC
9%
FC Famalicão
9%
Heracles Almelo
9%
KV Courtrai
9%
FC Arouca
8%
Gil Vicente FC
7%
KVC Westerlo
7%
SC Farense
7%
CD Nacional
6%
K Beerschot VA
6%
PEC Zwolle
6%
Saint-Trond VV
6%
Almere City
5%
AVS Futebol SAD
5%
CF Estrela da Amadora
5%
Moreirence SC
5%
RKC Waalwijk
5%
FCV Dender EH
4%
Aucun quiz correspondant
Distribution des résultats
% des personnes avec chaque résultat
Percentile par nombre de réponses
Votre historique - résultats
Vous n’avez pas pris ce quiz